00266nam a2200097Ia 4500008004000000082001800040100002100058245004200079260003900121300000800160210210b1972 xxu||||| |||| 00| 0 eng d a305.6945 PARS aPARVATHAMMA (C). aSociological essays on veerashaivism. aBombay.bPopular Prakashan.,c1972 a144